Place attachment: advances in theory, methods and applications
Guardat en:
| Autors principals: | , |
|---|---|
| Format: | Llibre |
| Idioma: | anglès |
| Publicat: |
Nueva York
Routledge Taylor and Francis Group
2014
|
| Edició: | 1a. ed |
| Matèries: | |
| Etiquetes: |
Afegir etiqueta
Sense etiquetes, Sigues el primer a etiquetar aquest registre!
|
MARC
| LEADER | 00000cam a2200000 a 4500 | ||
|---|---|---|---|
| 001 | UCD5940 | ||
| 003 | CL-VaPUC | ||
| 008 | 161104e20140000us |||||||||||||||||eng|d | ||
| 020 | |a 9780415538213 | ||
| 082 | 0 | 4 | |a 155.91 |b MAN |2 21 |
| 100 | |a Manzo, Lynne C. |e autora |9 589712 | ||
| 700 | 0 | |a Devine-Wright, Patrick |e author |9 589713 | |
| 245 | 1 | 0 | |a Place attachment: advances in theory, methods and applications |
| 250 | |a 1a. ed | ||
| 300 | |a 217 p | ||
| 942 | |c BK | ||
| 945 | |d 20161104 11:00:00 |a arojas | ||
| 260 | |a Nueva York |b Routledge Taylor and Francis Group |c 2014 | ||
| 650 | 0 | |a Educación ambiental |9 262920 | |
| 650 | 0 | |a Gestión ambiental |9 338121 | |
| 650 | 0 | |a Psicología |9 257863 | |
| 650 | 0 | |a Medio ambiente |9 257625 | |
| 650 | 7 | |a INFLUENCIA DEL MEDIO AMBIENTE |2 CL-VaPUC |9 311294 | |
| 583 | |a last modification |c 20161104 11:00:00 |k Rodrigo Vera | ||
| 999 | |c 366443 |d 366441 | ||
| 952 | |0 0 |1 0 |3 erb |4 0 |6 155_910000000000000_MAN_2014 |7 0 |8 A |9 480685 |a BIBING |b BIBING |i 534638K |o 155.91 MAN 2014 |p 534638K |r 2025-01-20 |w 2019-11-24 |y BK |z Catalogado en:20161104 |k GEO | ||